| 000 | 00893nam a2200205Ia 4500 | ||
|---|---|---|---|
| 001 | 15575 | ||
| 003 | GE_BSU | ||
| 008 | 181216s||||||||xx |||||||||||||| ||und|| | ||
| 040 | _cGE_BSU | ||
| 080 | _a821.353.1-92+821.353.1.09 | ||
| 100 | _aწერეთელი, ა. | ||
| 245 | _aრჩეული ნაწარმოებები 5 ტომად. 5 | ||
| 245 | _cსარედ. კოლ.გრ.აბაშიძე და სხვ.. შემდგ. რედ. გ. გვერდწითელი. ემზარ კვიტაიშვილი. რედ. დ. კემულარია. მხატვ. დ. დუნდუა | ||
| 260 | _aთბილისი | ||
| 260 | _bსაბჭ. საქართველო | ||
| 260 | _c1988 | ||
| 300 | _a544გვ.20სმ. | ||
| 653 | _aრჩეული ნაწარმოებები | ||
| 942 | _cBK | ||
| 999 |
_c48675 _d48675 |
||